Origami /

Número de inscripción 8223 (Colección George Yúdice)

Guardat en:
Dades bibliogràfiques
Autor principal: Zanches, Alexander
Format: Desconegut
Idioma:Spanish
Publicat: Sin lugar : Alexander Zanches, 1960?
Matèries:
Etiquetes: Afegir etiqueta
Sense etiquetes, Sigues el primer a etiquetar aquest registre!

MARC

LEADER 000000000a22000000004500
001 001002
008 170621b pn ||||| |||| 00| p spa d
020 |a 9789962051053 
041 0 |a español 
082 |a P861.4  |b Z27-o 
100 1 |a Zanches, Alexander 
245 1 0 |a Origami /  |c Alexander Zanchez 
260 |a  Sin lugar :   |b Alexander Zanches,   |c  1960? 
300 |a 31 páginas 
520 |a Número de inscripción 8223 (Colección George Yúdice) 
650 4 |a LITERATURA PANAMEÑA  |v POESÍA 
942 |2 ddc  |c BK 
999 |c 2129  |d 2129